00743nam a2200157Ia 4500008004100000024005500041082001800096100007400114245006800188260002500256600002700281650003300308856011800341952010900459999001700568250506s9999 xx 000 0 und d a09B-99-EE, 09B-105-EE, 09B-128-EE & 09B-161-EE a629.83072 SHE aSheheryar Abbas, Muhammad Akhtar, Amir Saleem Akhtar & Afshar Ahtsham 0aDomestic Water Flow Monitoring and Controlling System Using GSM aKarachi:bUIT,c2009 aElectronic Engineering aBachelor of Engineering (BE) uhttps://drive.google.com/file/d/1RErForJWgHqnby-qM4wNT412NyaJv8Qf/view?usp=sharingyClick here for Online Reading 001040708PR-EEaUITUbUITUd2022-07-26l0o629.83072 SHEpEE-245r2025-05-06 11:34:14w2025-05-06yPR c27997d27997